00643nam a2200193Ia 4500008004100000020001800041082001600059100002100075245006500096250000700161260003700168300002300205500001900228600002700247650001500274942000700289952013600296999001700432240925s9999 xx 000 0 und d a9788122313956 a621.381 KHA aKhan, Sanjar Ali 0aMini and Major Electronics Projects for Engineering students aNA aNew Delhi:bPustak Mahalc,2015. a680p.b0fOriginal aIncludes Index aElectronic Engineering aTechnology cBK 001040708ELaUITUbUITUd2016-11-10eParamount Book Pvt Ltdg366.60l0o621.381 KHApQ11026r2026-03-03 12:36:15w2024-09-25yBK c13525d13525